01198naa#a2200205#i#4500001001600000005001700016011001400033100004100047102000700088200024600095210021400341215001100555608004500566675015200611700005200763700004600815700005600861700005800917856001700975RU\\bibl\12680920260701121559.3##a1815-588X##a20260630b2026####ek#y0rusy0150####ca##aRU1#aДиагностика узлов тяговых электрических двигателей скоростных поездов типа Push-Pull на сети железных дорог РоссииeЖурнальная статья1#aСанкт-ПетербургcФГБОУ ВО "Петербургский государственный университет путей сообщения Императора Александра I"d2026##a10 с.##aЖурнальная статья2local##aТехника наземных и водных средств транспорта. 629.1aТехника средств транспорта. 629#1aПономаревgИлья Сергеевич#1aОбуховgМихаил Юрьевич#1aЕлинgДмитрий Александрович#1aЕвстафьевgАндрей Михайлович4#aitt-pgups.ru